000
00204 a2200097 4500
001
22903
100
_a
Hedges, S G
245
_a
Indoor Games and Fun
260
_a
_b
Methuen
_c
1962
090
_c
15501
_d
15501
942
_a
NUST-CAE
_c
M
_c
6116
999
_c
257976
_d
257976